Les & letokruhy

Bibliographic Details
Previous Title:Les & Slovenské lesokruhy
Other Authors: Fillo, Ján (Publishing director), Gogola, Peter, 1967- (Publishing director)
Format: Journal
Language:Slovak
PhysicalDescription:zv. 30 cm
Internetová stránka prináša plné texty niektorých článkov a obsahy
Published: Považská Bystrica Lesmedium SK 2009-
ISSN:1337-9712
1337-088X
Subjects:
Online Access:http://www.lesmedium.sk/letokruhy.php

MARC

LEADER 00000cas a2200000 a 4500
001 vtls010034912
003 SK-MaSNL
005 20260417145307.0
008 250526c20099999xo mr|p 0 b0slo
022 |a 1337-9712  |y 1337-088X 
040 |a SVKBB  |b slo  |c SVKBB  |d SNK  |e AACR2 
041 0 |a slo 
044 |a xo  |c SK 
072 7 |a 630  |x Lesníctvo  |2 konspekt 
080 |a 630  |2 2011 
080 |a 630*10  |2 2011 
080 |a 050  |2 2011 
080 |a (051)-027.561  |2 2011 
210 0 |a Les letokruhy 
222 0 |a Les & letokruhy 
245 0 0 |a Les & letokruhy 
246 1 3 |a Les a letokruhy 
246 1 3 |a Les and letokruhy 
260 |a Považská Bystrica  |b Lesmedium SK  |c 2009- 
300 |a zv.  |c 30 cm 
310 |a 1x mesačne 
362 0 |a Č. 1/2 (2009)- 
500 |a Šéfredaktor: 2009-2015, Ján Fillo ; 2016- , Peter Gogola 
500 |a Pri č. 1/2, 3/4 (2009) uvedené číslo ISSN 1337-088X 
500 |a Evidenčné číslo: EV 3432/09 
500 |a Podnázov: časopis o lesnom hospodárstve a spracovaní dreva 
500 |a Rok 2015 bol samostatne číslovaný ročník Les (71/2015) aj Letokruhy (14/2015) 
515 |a Niektoré čísla vychádzajú ako dvojčíslo 
525 |a Príloha: Lesnícke listy pre prax ; č. 5-6/2015 Progresívne technológie ochrany lesných drevín juvenilných rastových štádií ; č. 9-10/2015 Podpora lesného hospodárstva ; č. 11-12/2015 Využite zdroje EÚ na zdravý vývoj a zachovanie slovenských lesov na hospodárne a ekologické využívanie lesného bohatstva Slovenska 
525 |a V roku 2009 vychádzali monotematické prílohy pod názvom edície: Na záchranu smrečín 
530 |a Internetová stránka prináša plné texty niektorých článkov a obsahy 
650 0 7 |a lesníctvo  |2 SNKPH  |9 1255 
650 0 7 |a lesy  |2 SNKPH  |9 1437 
655 7 |a odborné časopisy  |2 SNKPH  |9 70505 
700 1 |a Fillo, Ján  |4 pbd  |9 5020 
700 1 |a Gogola, Peter,  |d 1967-  |4 pbd  |9 198358 
770 0 |t Lesnícke listy pre prax 
780 0 0 |t Les & Slovenské lesokruhy  |x 1337-088X  |w vtls008945003 
856 4 1 |u http://www.lesmedium.sk/letokruhy.php 
910 |a snk 
910 |a svkbb 
916 |a 2009-2013, 2014-2016, 2017-2018, 2019, 2020, 2021, 2022-2023 
958 |a ONDV 
999 |c 11005  |d 12935 
952 |t č. jan.-jún  |a SNK  |b SNK  |y PREZ  |7 0  |p 17A1435121  |o snkČSB 5749/76/2020/1  |i snk2021/8152  |8 0  |f 1  |0 0  |1 0  |4 0  |d 2021-07-06  |l 0  |r 2026-02-21 19:29:37  |w 2026-02-21 
952 |t č. júl-dec.  |a SNK  |b SNK  |y PREZ  |7 0  |p 17A1435122  |o snkČSB 5749/76/2020/2  |i snk2021/8155  |8 0  |f 1  |0 0  |1 0  |4 0  |d 2021-07-06  |l 0  |r 2026-02-21 19:29:37  |w 2026-02-21 
952 |t č. jan.-jún  |a SNK  |b SNK  |y PREZ  |7 0  |p 17A1388632  |o snkČSB 5749/75/2019/1  |i snk2020/12990  |8 0  |f 1  |0 0  |1 0  |4 0  |d 2020-07-21  |l 0  |r 2026-02-21 19:31:12  |w 2026-02-21 
952 |t č. jan.-jún  |a SNK  |b SNK  |y PREZ  |7 0  |p 17A1521923  |o snkČSB 5749/77/2021/1 D1  |i snk2023/15708  |8 0  |0 0  |1 0  |4 0  |d 2023-11-02  |l 0  |r 2026-02-21 19:50:25  |w 2026-02-21 
952 |t č. júl-dec.  |a SNK  |b SNK  |y PREZ  |7 0  |p 17A1521924  |o snkČSB 5749/77/2021/2 D1  |i snk2023/15710  |8 0  |0 0  |1 0  |4 0  |d 2023-11-02  |l 0  |r 2026-02-21 19:50:25  |w 2026-02-21 
952 |t č. jan.-jún  |a SNK  |b SNK  |y PREZ  |7 0  |p 17A1521925  |o snkČSB 5749/78/2022/1  |i snk2023/15711  |8 0  |f 1  |0 0  |1 0  |4 0  |d 2023-11-02  |l 0  |r 2026-02-21 19:50:27  |w 2026-02-21 
952 |t č. júl-dec.  |a SNK  |b SNK  |y PREZ  |7 0  |p 17A1521926  |o snkČSB 5749/78/2022/2  |i snk2023/15712  |8 0  |f 1  |0 0  |1 0  |4 0  |d 2023-11-02  |l 0  |r 2026-02-21 19:50:27  |w 2026-02-21 
952 |t č. jan.-jún  |a SNK  |b SNK  |y PREZ  |7 0  |p 17A1525658  |o snkČSB 5749/79/2023/1  |i snk2025/4370  |8 0  |f 1  |0 0  |1 0  |4 0  |d 2025-03-11  |l 0  |r 2026-02-21 19:58:15  |w 2026-02-21 
952 |t č. júl-dec.  |a SNK  |b SNK  |y PREZ  |7 0  |p 17A1525659  |o snkČSB 5749/79/2023/2  |i snk2025/4372  |8 0  |f 1  |0 0  |1 0  |4 0  |d 2025-03-11  |l 0  |r 2026-02-21 19:58:15  |w 2026-02-21 
952 |t č. jan.-jún  |a SNK  |b SNK  |y PREZ  |7 0  |p 17A1465572  |o snkČSB 5749/74/2018/1 D1  |i snk2023/3469  |8 0  |0 0  |1 0  |4 0  |d 2023-02-28  |l 0  |r 2026-02-21 20:02:21  |w 2026-02-21 
952 |t č. júl-dec.  |a SNK  |b SNK  |y PREZ  |7 0  |p 17A1465573  |o snkČSB 5749/74/2018/2 D1  |i snk2023/3470  |8 0  |0 0  |1 0  |4 0  |d 2023-02-28  |l 0  |r 2026-02-21 20:02:21  |w 2026-02-21 
952 |t č. jan.-jún  |a SNK  |b SNK  |y PREZ  |7 0  |p 17A1465574  |o snkČSB 5749/75/2019/1 D1  |i snk2023/3473  |8 0  |0 0  |1 0  |4 0  |d 2023-02-28  |l 0  |r 2026-02-21 20:02:21  |w 2026-02-21 
952 |t č. júl-dec.  |a SNK  |b SNK  |y PREZ  |7 0  |p 17A1465575  |o snkČSB 5749/75/2019/2 D1  |i snk2023/3479  |8 0  |0 0  |1 0  |4 0  |d 2023-02-28  |l 0  |r 2026-02-21 20:02:21  |w 2026-02-21 
952 |t č. jan.-jún  |a SNK  |b SNK  |y PREZ  |7 0  |p 17A1465576  |o snkČSB 5749/76/2020/1 D1  |i snk2023/3480  |8 0  |0 0  |1 0  |4 0  |d 2023-02-28  |l 0  |r 2026-02-21 20:02:21  |w 2026-02-21 
952 |t č. júl-dec.  |a SNK  |b SNK  |y PREZ  |7 0  |p 17A1465577  |o snkČSB 5749/76/2020/2 D1  |i snk2023/3481  |8 0  |0 0  |1 0  |4 0  |d 2023-02-28  |l 0  |r 2026-02-21 20:02:21  |w 2026-02-21 
952 |t č. jan.-jún  |a SNK  |b SNK  |y PREZ  |7 0  |p 17A1465578  |o snkČSB 5749/77/2021/1  |i snk2023/3485  |8 0  |0 0  |1 0  |4 0  |d 2023-02-28  |l 0  |r 2026-02-21 20:02:21  |w 2026-02-21 
952 |t č. júl-dec.  |a SNK  |b SNK  |y PREZ  |7 0  |p 17A1465579  |o snkČSB 5749/77/2021/2  |i snk2023/3487  |8 0  |0 0  |1 0  |4 0  |d 2023-02-28  |l 0  |r 2026-02-21 20:02:22  |w 2026-02-21 
952 |t č. jan.-jún  |a SNK  |b SNK  |y PREZ  |7 3  |p 17A1559010  |o snkČSB 5749/80/2024/1  |i snk2026/2145  |8 0  |0 0  |1 0  |4 0  |d 2026-02-10  |l 0  |r 2026-02-21 20:10:48  |w 2026-02-21 
952 |t č. júl-dec.  |a SNK  |b SNK  |y PREZ  |7 3  |p 17A1559011  |o snkČSB 5749/80/2024/2  |i snk2026/2146  |8 0  |0 0  |1 0  |4 0  |d 2026-02-10  |l 0  |r 2026-02-21 20:10:48  |w 2026-02-21 
952 |t č. jan.-jún  |a SNK  |b SNK  |y PREZ  |7 3  |p 17A1559012  |o snkČSB 5749/81/2025/1  |i snk2026/2147  |8 0  |0 0  |1 0  |4 0  |d 2026-02-10  |l 0  |r 2026-02-21 20:10:48  |w 2026-02-21 
952 |t č. júl-dec.  |a SNK  |b SNK  |y PREZ  |7 3  |p 17A1559013  |o snkČSB 5749/81/2025/2  |i snk2026/2150  |8 0  |0 0  |1 0  |4 0  |d 2026-02-10  |l 0  |r 2026-02-21 20:10:48  |w 2026-02-21 
952 |t č. 1-12 + 1 mim. vyd.  |a SNK  |b SNK  |y PREZ  |7 0  |p 17A0719179  |o snkČSB 5749/2009  |i snk2012/1771  |8 0  |f 1  |0 0  |1 0  |4 0  |d 2012-01-23  |l 0  |r 2026-02-21 20:29:54  |w 2026-02-21 
952 |t č. 1-12 + 1 mim. vyd.  |a SNK  |b SNK  |y PREZ  |7 0  |p 17A0719180  |o snkČSB 5749/2009 D1  |i snk2012/1774  |8 0  |0 0  |1 0  |4 0  |d 2012-01-23  |l 0  |r 2026-02-21 20:29:54  |w 2026-02-21 
952 |t č. 1-12 + 2 mim. vyd.  |a SNK  |b SNK  |y PREZ  |7 0  |p 17A0719181  |o snkČSB 5749/2010  |i snk2012/1775  |8 0  |f 1  |0 0  |1 0  |4 0  |d 2012-01-23  |l 0  |r 2026-02-21 20:29:54  |w 2026-02-21 
952 |t č. 1-12 + 2 mim. vyd.  |a SNK  |b SNK  |y PREZ  |7 0  |p 17A0719182  |o snkČSB 5749/2010 D1  |i snk2012/1776  |8 0  |0 0  |1 0  |4 0  |d 2012-01-23  |l 0  |r 2026-02-21 20:29:55  |w 2026-02-21 
952 |t č. 1-12+ príl., neúpl.  |a SNK  |b SNK  |y PREZ  |7 0  |p 17A0870740  |o snkČSB 5749/2013 D1  |i snk2014/26897  |8 0  |z chýba č. 7-8; ; v č. 1 je príloha: Program rozvoja vidieka SR 2007-2013  |0 0  |1 0  |4 0  |d 2014-12-04  |l 0  |r 2026-02-21 20:33:18  |w 2026-02-21 
952 |t č. 1-12, + mim. vyd.  |a SNK  |b SNK  |y PREZ  |7 0  |p 17A1046549  |o snkČSB 5749/2011  |i snk2014/10120  |8 0  |f 1  |0 0  |1 0  |4 0  |d 2014-04-25  |l 0  |r 2026-02-21 21:03:10  |w 2026-02-21 
952 |t č. 1-12, + mim.č  |a SNK  |b SNK  |y PREZ  |7 0  |p 17A1046550  |o snkČSB 5749/2011 D1  |i snk2014/10124  |8 0  |0 0  |1 0  |4 0  |d 2014-04-25  |l 0  |r 2026-02-21 21:03:11  |w 2026-02-21 
952 |t č. 1-12  |a SNK  |b SNK  |y PREZ  |7 0  |p 17A1046551  |o snkČSB 5749/2012  |i snk2014/10128  |8 0  |f 1  |0 0  |1 0  |4 0  |d 2014-04-25  |l 0  |r 2026-02-21 21:03:11  |w 2026-02-21 
952 |t č. 1-12  |a SNK  |b SNK  |y PREZ  |7 0  |p 17A1046552  |o snkČSB 5749/2012 D1  |i snk2014/10130  |8 0  |0 0  |1 0  |4 0  |d 2014-04-25  |l 0  |r 2026-02-21 21:03:11  |w 2026-02-21 
952 |t č. 1-12  |a SNK  |b SNK  |y PREZ  |7 0  |p 17A1046553  |o snkČSB 5749/2013  |i snk2014/10131  |8 0  |f 1  |0 0  |1 0  |4 0  |d 2014-04-25  |l 0  |r 2026-02-21 21:03:11  |w 2026-02-21 
952 |t č. jan.-dec.  |a SNK  |b SNK  |y PREZ  |7 0  |p 17A1325128  |o snkČSB 5749/72/2016 D1  |i snk2018/8653  |8 0  |0 0  |1 0  |4 0  |d 2018-04-17  |l 0  |r 2026-02-21 21:56:54  |w 2026-02-21 
952 |t č. júl-dec.  |a SNK  |b SNK  |y PREZ  |7 0  |p 17A1388633  |o snkČSB 5749/75/2019/2  |i snk2020/12992  |8 0  |f 1  |0 0  |1 0  |4 0  |d 2020-07-21  |l 0  |r 2026-02-21 21:57:09  |w 2026-02-21 
952 |t č. jan.-jún + 1 príl.  |a SNK  |b SNK  |y PREZ  |7 0  |p 17A1366811  |o snkČSB 5749/73/2017/1  |i snk2019/11894  |8 0  |z Príl.: Tematická príloha časopisu venovaná prezentácii hlavných aktivít projektu ForSoc  |f 1  |0 0  |1 0  |4 0  |d 2019-04-25  |l 0  |r 2026-02-21 21:59:37  |w 2026-02-21 
952 |t č. júl-dec.  |a SNK  |b SNK  |y PREZ  |7 0  |p 17A1366810  |o snkČSB 5749/73/2017/2  |i snk2019/11895  |8 0  |f 1  |0 0  |1 0  |4 0  |d 2019-04-25  |l 0  |r 2026-02-21 21:59:37  |w 2026-02-21 
952 |t č. jan.-jún  |a SNK  |b SNK  |y PREZ  |7 0  |p 17A1366809  |o snkČSB 5749/74/2018/1  |i snk2019/11896  |8 0  |f 1  |0 0  |1 0  |4 0  |d 2019-04-25  |l 0  |r 2026-02-21 21:59:41  |w 2026-02-21 
952 |t č. júl-dec. + 1 príl.  |a SNK  |b SNK  |y PREZ  |7 0  |p 17A1366808  |o snkČSB 5749/74/2018/2  |i snk2019/11897  |8 0  |z Príl.: Zelená kvapka krvi za zdravý les  |f 1  |0 0  |1 0  |4 0  |d 2019-04-25  |l 0  |r 2026-02-21 21:59:41  |w 2026-02-21 
952 |t č. 1/2-11/12,+1 príl.  |a SNK  |b SNK  |y PREZ  |7 0  |p 17A1046120  |o snkČSB 5749/2014  |i snk2016/21371  |8 0  |z Prílohy: č. 11/12 Naši absolventi sú vaša perspektíva  |f 1  |0 0  |1 0  |4 0  |d 2016-09-13  |l 0  |r 2026-02-21 22:03:28  |w 2026-02-21 
952 |t č. 1/2-11/12,+1 príl.  |a SNK  |b SNK  |y PREZ  |7 0  |p 17A1046121  |o snkČSB 5749/2014 D1  |i snk2016/21374  |8 0  |z Prílohy: č. 11/12 Naši absolventi sú vaša perspektíva  |0 0  |1 0  |4 0  |d 2016-09-13  |l 0  |r 2026-02-21 22:03:28  |w 2026-02-21 
952 |t č. 1/2-11/12,+1 príl,+mim. č.  |a SNK  |b SNK  |y PREZ  |7 0  |p 17A1046122  |o snkČSB 5749/2015  |i snk2016/21380  |8 0  |z Prílohy: č. 5/6 Progresívne technológie ochrany lesných drevín juvenilných rastových štádií ; mim. č. Využite zdroje EÚ na zdravý vývoj a zachovanie slovenských lesov, ...  |f 1  |0 0  |1 0  |4 0  |d 2016-09-13  |l 0  |r 2026-02-21 22:03:28  |w 2026-02-21 
952 |t č. jan.-jún + 1 príl.  |a SNK  |b SNK  |y PREZ  |7 0  |p 17A1369593  |o snkČSB 5749/73/2017/1 D1  |i snk2019/18831  |8 0  |z Príl.: Tematická príloha časopisu venovaná prezentácii hlavných aktivít projektu ForSoc  |0 0  |1 0  |4 0  |d 2019-07-16  |l 0  |r 2026-02-21 22:21:39  |w 2026-02-21 
952 |t č. júl-dec.  |a SNK  |b SNK  |y PREZ  |7 0  |p 17A1369592  |o snkČSB 5749/73/2017/2 D1  |i snk2019/18832  |8 0  |0 0  |1 0  |4 0  |d 2019-07-16  |l 0  |r 2026-02-21 22:21:39  |w 2026-02-21 
952 |t č. 1-12 + 3 príl.  |a SNK  |b SNK  |y PREZ  |7 0  |p 17A1263165  |o snkČSB 5749/2015 D1  |i snk2017/16621  |8 0  |z Príl.: č. 5-6 Progresívne technológie ochrany lesných drevín juvenilných rastových štádií ; č. 9-10 Podpora lesného hospodárstva ; č. 11-12 Využite zdroje EÚ na zdravý vývoj a zachovanie slovenských lesov na hospodárne a ekologické využívanie lesného bohatstva Slovenska  |0 0  |1 0  |4 0  |d 2017-07-19  |l 0  |r 2026-02-21 22:25:46  |w 2026-02-21 
952 |t č. jan.-dec.  |a SNK  |b SNK  |y PREZ  |7 0  |p 17A1263164  |o snkČSB 5749/72/2016  |i snk2017/16626  |8 0  |f 1  |0 0  |1 0  |4 0  |d 2017-07-19  |l 0  |r 2026-02-21 22:25:47  |w 2026-02-21